000 00524nam a22001577a 4500
003 NUST
082 _a629.8
100 _a Iqbal ,Shahid
_917316
245 _aBank Failure Prediction using Deep Learning /
_cShahid Iqbal
264 _aIslamabad:
_bSMME- NUST.
_c2021.
300 _a41p. ;
_bSoft Copy,
_c30cm.
650 _aMS Robotics and Intelligent Machine Engineering
_9119486
700 _aSupervisor : Dr. Hasan Sajid
_9121640
856 _uhttp://10.250.8.41:8080/xmlui/handle/123456789/25892
942 _2ddc
_cTHE
999 _c608882
_d608882